000 00546 a2200181 4500
005 20260423145136.0
008 260421b |||||||| |||| 00| 0 eng d
020 _a9789364871440
080 _a233-286.5=M
_bKAR
100 _aKarunanidhi,Kalaignar M.
245 _aKuralovium 3 volumes(കുറളോവിയം)
260 _bD C books.
_aKottayam.
_c2025.
300 _aVarious pagination
500 _aVol.1-Vol.3 Kuralovium
653 _aTamil philosophy-Malayalam Translation
700 _aBaburaj Kalampoor;tr.by
942 _cBK
999 _c115312
_d115311